[Event "Pobeskydi 2026"]
[Site "Frydek-Mistek, Czech Republic"]
[Date "2026.04.03"]
[Round "4.10"]
[White "Ciupka, Kamil"]
[Black "Szumiec, Jan"]
[Result "0-1"]
[TimeControl "90 min+30s/move"]
[WhiteTitle "-"]
[BlackTitle "-"]
[WhiteFideId "21000417"]
[BlackFideId "41815661"]
[WhiteElo "1981"]
[BlackElo "1826"]

1. e4 {[%clk 01:30:42]} {[%emt 00:00:17]} c5 {[%clk 01:30:53]} {[%emt
00:00:07]} 2. Nf3 {[%clk 01:31:05]} {[%emt 00:00:06]} d6 {[%clk 01:31:16]}
{[%emt 00:00:08]} 3. Bb5+ {[%clk 01:31:31]} {[%emt 00:00:05]} Nd7 {[%clk
01:31:36]} {[%emt 00:00:09]} 4. O-O {[%clk 01:31:54]} {[%emt 00:00:07]} a6
{[%clk 01:31:46]} {[%emt 00:00:21]} 5. Bd3 {[%clk 01:32:15]} {[%emt 00:00:09]}
Ngf6 {[%clk 01:32:03]} {[%emt 00:00:12]} 6. c3 {[%clk 01:32:36]} {[%emt
00:00:08]} b5 {[%clk 01:31:02]} {[%emt 00:01:32]} 7. Bc2 {[%clk 01:32:55]}
{[%emt 00:00:10]} c4 {[%clk 01:28:23]} {[%emt 00:03:10]} 8. b3 {[%clk
01:24:22]} {[%emt 00:09:04]} Bb7 {[%clk 01:28:05]} {[%emt 00:00:48]} 9. Re1
{[%clk 01:24:12]} {[%emt 00:00:39]} e6 {[%clk 01:25:49]} {[%emt 00:02:46]} 10.
bxc4 {[%clk 01:20:14]} {[%emt 00:04:28]} bxc4 {[%clk 01:26:16]} {[%emt
00:00:04]} 11. Na3 {[%clk 01:20:00]} {[%emt 00:00:45]} Rc8 {[%clk 01:24:42]}
{[%emt 00:02:03]} 12. Rb1 {[%clk 01:14:16]} {[%emt 00:06:13]} Ba8 {[%clk
01:23:38]} {[%emt 00:01:34]} 13. Qe2 {[%clk 01:11:22]} {[%emt 00:03:25]} Qc7
{[%clk 01:22:18]} {[%emt 00:01:50]} 14. Nd4 {[%clk 01:01:50]} {[%emt 00:10:02]}
Be7 {[%clk 01:20:56]} {[%emt 00:01:49]} 15. f3 {[%clk 00:55:12]} {[%emt
00:07:10]} O-O {[%clk 01:19:36]} {[%emt 00:01:50]} 16. Kh1 {[%clk 00:50:36]}
{[%emt 00:05:08]} g6 {[%clk 01:16:44]} {[%emt 00:03:21]} 17. Qf1 {[%clk
00:35:43]} {[%emt 00:15:22]} e5 {[%clk 01:13:53]} {[%emt 00:03:22]} 18. Ne2
{[%clk 00:36:09]} {[%emt 00:00:04]} Qa5 {[%clk 01:13:55]} {[%emt 00:00:27]} 19.
Rb4 {[%clk 00:20:00]} {[%emt 00:16:40]} Nb6 {[%clk 01:05:55]} {[%emt 00:08:30]}
20. Qg1 {[%clk 00:20:15]} {[%emt 00:00:15]} Rc6 {[%clk 00:59:58]} {[%emt
00:06:27]} 21. Rb2 {[%clk 00:15:01]} {[%emt 00:05:44]} Qxa3 {[%clk 00:52:54]}
{[%emt 00:07:34]} 22. Rxb6 {[%clk 00:13:48]} {[%emt 00:01:43]} Qxa2 {[%clk
00:52:30]} {[%emt 00:00:55]} 23. Bb2 {[%clk 00:13:01]} {[%emt 00:01:16]} Rxb6
{[%clk 00:48:41]} {[%emt 00:04:18]} 24. Qxb6 {[%clk 00:13:19]} {[%emt
00:00:13]} Nd7 {[%clk 00:48:09]} {[%emt 00:01:02]} 25. Nc1 {[%clk 00:11:12]}
{[%emt 00:02:37]} Nxb6 {[%clk 00:45:09]} {[%emt 00:03:30]} 26. Nxa2 {[%clk
00:11:41]} {[%emt 00:00:01]} Bg5 {[%clk 00:44:07]} {[%emt 00:01:27]} 27. Rb1
{[%clk 00:10:33]} {[%emt 00:01:42]} Nd7 {[%clk 00:34:43]} {[%emt 00:09:54]} 28.
Ba3 {[%clk 00:09:55]} {[%emt 00:01:09]} Nc5 {[%clk 00:34:56]} {[%emt 00:00:17]}
29. Rb4 {[%clk 00:08:29]} {[%emt 00:01:56]} Bxd2 {[%clk 00:33:29]} {[%emt
00:01:56]} 30. Rxc4 {[%clk 00:08:55]} {[%emt 00:00:05]} Be3 {[%clk 00:33:37]}
{[%emt 00:00:22]} 31. Rb4 {[%clk 00:08:32]} {[%emt 00:00:53]} Rd8 {[%clk
00:32:36]} {[%emt 00:01:31]} 32. Rb1 {[%clk 00:05:39]} {[%emt 00:03:22]} Ne6
{[%clk 00:31:31]} {[%emt 00:01:36]} 33. Bd3 {[%clk 00:04:47]} {[%emt 00:01:22]}
d5 {[%clk 00:19:50]} {[%emt 00:12:10]} 34. Be7 {[%clk 00:03:56]} {[%emt
00:01:21]} Re8 {[%clk 00:18:02]} {[%emt 00:02:19]} 35. Bd6 {[%clk 00:01:08]}
{[%emt 00:03:19]} Nf4 {[%clk 00:16:58]} {[%emt 00:01:32]} 36. Bc2 {[%clk
00:01:35]} {[%emt 00:00:04]} dxe4 {[%clk 00:15:43]} {[%emt 00:01:45]} 37. fxe4
{[%clk 00:01:14]} {[%emt 00:00:51]} f5 {[%clk 00:14:54]} {[%emt 00:01:19]} 38.
Bxe5 {[%clk 00:01:17]} {[%emt 00:00:27]} Rxe5 {[%clk 00:14:35]} {[%emt
00:00:49]} 39. Rb8+ {[%clk 00:01:42]} {[%emt 00:00:05]} Kg7 {[%clk 00:14:59]}
{[%emt 00:00:06]} 40. Rxa8 {[%clk 00:01:59]} {[%emt 00:00:13]} Ra5 {[%clk
00:12:40]} {[%emt 00:02:49]} 41. Bb1 {[%clk 00:01:05]} {[%emt 00:01:24]} Rb5
{[%clk 00:12:34]} {[%emt 00:00:36]} 42. Bc2 {[%clk 00:01:34]} {[%emt 00:00:01]}
Rb2 {[%clk 00:11:30]} {[%emt 00:01:34]} 43. Nb4 {[%clk 00:02:00]} {[%emt
00:00:04]} Bc5 {[%clk 00:10:56]} {[%emt 00:01:05]} 44. g3 {[%clk 00:01:40]}
{[%emt 00:00:49]} Bxb4 {[%clk 00:05:25]} {[%emt 00:06:01]} 45. cxb4 {[%clk
00:01:11]} {[%emt 00:00:59]} Nh3 {[%clk 00:05:07]} {[%emt 00:00:48]} 46. Kg2
{[%clk 00:00:49]} {[%emt 00:00:51]} Ng5 {[%clk 00:04:29]} {[%emt 00:01:09]} 47.
Ra7+ {[%clk 00:00:52]} {[%emt 00:00:27]} Kf6 {[%clk 00:02:22]} {[%emt
00:02:37]} 48. Rxa6+ {[%clk 00:01:17]} {[%emt 00:00:06]} Ke5 {[%clk 00:02:40]}
{[%emt 00:00:11]} 49. Rc6 {[%clk 00:01:36]} {[%emt 00:00:11]} Nxe4 {[%clk
00:02:13]} {[%emt 00:00:57]} 50. Kg1 {[%clk 00:01:25]} {[%emt 00:00:40]} Rxb4
{[%clk 00:02:35]} {[%emt 00:00:09]} 51. Rc7 {[%clk 00:01:12]} {[%emt 00:00:43]}
Kd4 {[%clk 00:01:40]} {[%emt 00:01:25]} 52. Rxh7 {[%clk 00:01:08]} {[%emt
00:00:34]} Rb2 {[%clk 00:01:38]} {[%emt 00:00:32]} 53. Rd7+ {[%clk 00:00:33]}
{[%emt 00:01:05]} Ke3 {[%clk 00:01:37]} {[%emt 00:00:29]} 54. Rc7 {[%clk
00:00:33]} {[%emt 00:00:32]} Kd2 {[%clk 00:00:34]} {[%emt 00:01:33]} 55. Ba4
{[%clk 00:00:50]} {[%emt 00:00:13]} Ke3 {[%clk 00:00:41]} {[%emt 00:00:23]} 56.
Bc2 {[%clk 00:01:16]} {[%emt 00:00:04]} g5 {[%clk 00:00:38]} {[%emt 00:00:34]}
57. Rc4 {[%clk 00:00:33]} {[%emt 00:01:12]} g4 {[%clk 00:00:49]} {[%emt
00:00:20]} 58. h3 {[%clk 00:00:33]} {[%emt 00:00:29]} Ng5 {[%clk 00:00:32]}
{[%emt 00:00:47]} 59. hxg4 {[%clk 00:00:35]} {[%emt 00:00:28]} fxg4 {[%clk
00:00:47]} {[%emt 00:00:15]} 60. Rc5 {[%clk 00:00:31]} {[%emt 00:00:34]} Nf3+
{[%clk 00:00:55]} {[%emt 00:00:22]} 61. Kf1 {[%clk 00:00:32]} {[%emt 00:00:28]}
Ra2 {[%emt 00:01:38]} 62. Rc3+ {[%emt 00:00:13]} Kd2 {[%emt 00:00:01]} 63. Bb1
{[%emt 00:00:12]} Rb2 {[%emt 00:00:24]} 64. Rd3+ {[%emt 00:00:07]} Kc1 {[%emt
00:00:12]} 65. Rc3+ {[%emt 00:00:02]} Kxb1 {[%emt 00:00:01]} 66. Rc1+ Ka2
{[%emt 00:00:04]} 67. Ra1+ Kb3 {[%emt 00:00:02]} 68. Ra3+ Kc4 {[%emt 00:00:08]}
69. Rc3+ Kd5 {[%emt 00:00:13]} 70. Rc5+ {[%emt 00:00:03]} Ke4 {[%emt 00:00:05]}
71. Ke1 {[%emt 00:00:10]} 0-1

[Event "Pobeskydi 2026"]
[Site "Frydek-Mistek, Czech Republic"]
[Date "2026.04.03"]
[Round "4.11"]
[White "Lorenc, Matej"]
[Black "Sarkozi, Szabolcs"]
[Result "0-1"]
[TimeControl "90 min+30s/move"]
[WhiteTitle "-"]
[BlackTitle "-"]
[WhiteFideId "23772468"]
[BlackFideId "14941660"]
[WhiteElo "1858"]
[BlackElo "2117"]

1. e4 {[%clk 01:30:57]} {[%emt 00:00:02]} d5 {[%clk 01:30:56]} {[%emt
00:00:05]} 2. exd5 {[%clk 01:31:20]} {[%emt 00:00:06]} Qxd5 {[%clk 01:31:22]}
{[%emt 00:00:04]} 3. Nc3 {[%clk 01:31:41]} {[%emt 00:00:09]} Qd6 {[%clk
01:31:48]} {[%emt 00:00:04]} 4. Nf3 {[%clk 01:31:48]} {[%emt 00:00:22]} Nf6
{[%clk 01:32:09]} {[%emt 00:00:10]} 5. Bc4 {[%clk 01:31:23]} {[%emt 00:00:55]}
Nc6 {[%clk 01:32:06]} {[%emt 00:00:34]} 6. Qe2 {[%clk 01:25:33]} {[%emt
00:06:19]} Bg4 {[%clk 01:22:06]} {[%emt 00:10:30]} 7. Qe3 {[%clk 01:16:00]}
{[%emt 00:10:01]} Bxf3 {[%clk 01:08:13]} {[%emt 00:14:24]} 8. Qxf3 {[%clk
01:16:04]} {[%emt 00:00:27]} O-O-O {[%clk 01:07:10]} {[%emt 00:01:33]} 9. d3
{[%clk 01:09:22]} {[%emt 00:07:11]} Nd4 {[%clk 00:50:31]} {[%emt 00:17:10]} 10.
Qd1 {[%clk 01:02:35]} {[%emt 00:07:16]} Qe5+ {[%clk 00:48:41]} {[%emt
00:02:21]} 11. Ne2 {[%clk 01:00:56]} {[%emt 00:02:09]} e6 {[%clk 00:38:54]}
{[%emt 00:10:17]} 12. c3 {[%clk 00:55:30]} {[%emt 00:05:56]} Nc6 {[%clk
00:37:12]} {[%emt 00:02:12]} 13. Bf4 {[%clk 00:49:17]} {[%emt 00:06:42]} Qf5
{[%clk 00:36:35]} {[%emt 00:01:08]} 14. O-O {[%clk 00:40:20]} {[%emt 00:09:28]}
g5 {[%clk 00:36:24]} {[%emt 00:00:40]} 15. Be3 {[%clk 00:39:10]} {[%emt
00:01:40]} Bd6 {[%clk 00:19:55]} {[%emt 00:16:59]} 16. Ng3 {[%clk 00:38:57]}
{[%emt 00:00:42]} Qg6 {[%clk 00:20:09]} {[%emt 00:00:17]} 17. f4 {[%clk
00:35:16]} {[%emt 00:04:11]} gxf4 {[%clk 00:18:01]} {[%emt 00:02:39]} 18. Bxf4
{[%clk 00:35:08]} {[%emt 00:00:38]} e5 {[%clk 00:14:50]} {[%emt 00:03:41]} 19.
Bxf7 {[%clk 00:30:15]} {[%emt 00:05:22]} Qxf7 {[%clk 00:14:02]} {[%emt
00:01:19]} 20. Bg5 {[%clk 00:30:40]} {[%emt 00:00:05]} Be7 {[%clk 00:04:15]}
{[%emt 00:10:17]} 21. Ne4 {[%clk 00:28:40]} {[%emt 00:02:29]} Rhg8 {[%clk
00:02:38]} {[%emt 00:02:07]} 22. Bxf6 {[%clk 00:28:25]} {[%emt 00:00:45]} Qg6
{[%clk 00:02:39]} {[%emt 00:00:29]} 23. g3 {[%clk 00:27:32]} {[%emt 00:01:22]}
h5 {[%clk 00:02:32]} {[%emt 00:00:37]} 24. Qf3 {[%clk 00:24:24]} {[%emt
00:03:38]} h4 {[%clk 00:02:11]} {[%emt 00:00:52]} 25. Bxe7 {[%clk 00:16:39]}
{[%emt 00:08:15]} Nxe7 {[%clk 00:02:33]} {[%emt 00:00:07]} 26. Rad1 {[%clk
00:16:49]} {[%emt 00:00:20]} hxg3 {[%clk 00:02:18]} {[%emt 00:00:45]} 27. hxg3
{[%clk 00:17:11]} {[%emt 00:00:08]} Qh6 {[%clk 00:01:35]} {[%emt 00:01:13]} 28.
c4 {[%clk 00:06:40]} {[%emt 00:11:02]} Rh8 {[%clk 00:01:18]} {[%emt 00:00:47]}
29. Rf2 {[%clk 00:06:26]} {[%emt 00:00:44]} Nc6 {[%clk 00:01:21]} {[%emt
00:00:27]} 30. Rdd2 {[%clk 00:04:23]} {[%emt 00:02:33]} Nd4 {[%clk 00:00:56]}
{[%emt 00:00:55]} 31. Qg2 {[%clk 00:03:38]} {[%emt 00:01:15]} Rdg8 {[%clk
00:00:59]} {[%emt 00:00:27]} 32. Rf6 {[%clk 00:03:39]} {[%emt 00:00:28]} Qg7
{[%clk 00:00:34]} {[%emt 00:00:56]} 33. Rdf2 {[%clk 00:03:57]} {[%emt
00:00:10]} Qe7 {[%clk 00:00:39]} {[%emt 00:00:27]} 34. a3 {[%clk 00:03:56]}
{[%emt 00:00:30]} Ne6 {[%clk 00:00:39]} {[%emt 00:00:31]} 35. R2f5 {[%clk
00:03:01]} {[%emt 00:01:24]} Nf4 {[%clk 00:00:54]} {[%emt 00:00:15]} 36. Qf3
{[%clk 00:02:53]} {[%emt 00:00:38]} Qh7 {[%clk 00:00:59]} {[%emt 00:00:25]} 37.
Nc5 {[%clk 00:02:03]} {[%emt 00:01:20]} Rxg3+ {[%clk 00:00:48]} {[%emt
00:00:42]} 38. Qxg3 {[%clk 00:02:18]} {[%emt 00:00:15]} Qh1+ {[%clk 00:00:55]}
{[%emt 00:00:22]} 39. Kf2 {[%clk 00:02:06]} {[%emt 00:00:42]} Rh2+ {[%clk
00:01:06]} {[%emt 00:00:18]} 40. Qxh2 {[%clk 00:02:33]} {[%emt 00:00:05]} Qxh2+
{[%clk 00:01:31]} {[%emt 00:00:05]} 41. Kf3 {[%clk 00:02:55]} {[%emt 00:00:08]}
Qg2+ {[%clk 00:01:16]} {[%emt 00:00:45]} 42. Ke3 {[%clk 00:03:10]} {[%emt
00:00:14]} Qe2# {[%emt 00:00:09]} 0-1

[Event "Pobeskydi 2026"]
[Site "?"]
[Date "2026.04.03"]
[Round "4.12"]
[White "Trybus, Daniel"]
[Black "Policar, Martin"]
[Result "1/2-1/2"]
[WhiteElo "2055"]
[BlackElo "1948"]
[WhiteFideId "-1"]
[BlackFideId "-1"]
[PlyCount "52"]
[GameId "2295156687691725"]
[EventDate "2026.04.02"]

1. d4 Nf6 2. c4 e6 3. Nf3 d5 4. Nc3 b6 5. Bg5 Be7 6. cxd5 Nxd5 7. Bxe7 Qxe7 8. Nxd5 exd5 9. e3 O-O 10. Bd3 Ba6 11. O-O Rd8 12. Rc1 c5 13. dxc5 bxc5 14. Bxa6 Nxa6 15. Qa4 Qb7 16. Rfd1 Rac8 17. Rd2 h6 18. Rc3 d4 19. exd4 cxd4 20. Rxc8 Rxc8 21. Qd1 Nb4 22. a3 Na2 23. Rc2 Rxc2 24. Qxc2 d3 25. Qxd3 Qxb2 26. g4 Qc3 1/2-1/2

[Event "Pobeskydi 2026"]
[Site "?"]
[Date "2026.04.03"]
[Round "4.13"]
[White "Durovka, Marek"]
[Black "Sknouril, Jakub"]
[Result "1-0"]
[WhiteElo "2054"]
[BlackElo "1933"]
[WhiteFideId "-1"]
[BlackFideId "-1"]
[PlyCount "59"]
[GameId "2295155785433026"]
[EventDate "2026.04.02"]

1. d4 d5 2. c4 e6 3. Nc3 Nf6 4. cxd5 exd5 5. Bg5 Be7 6. e3 Nbd7 7. Qc2 O-O 8. Bd3 Re8 9. Nf3 c6 10. O-O Nf8 11. Ne5 Ne4 12. Bf4 f6 13. Nf3 g5 14. Bg3 Nxc3 15. bxc3 Kg7 16. h4 g4 17. Nd2 Bd6 18. e4 Bxg3 19. fxg3 Qd6 20. Kh2 Bd7 21. Rf2 Re6 22. Raf1 Rae8 23. e5 fxe5 24. Rf7+ Kh8 25. Bf5 Rh6 26. Bxd7 Nxd7 27. Qf5 Nb6 28. dxe5 Rxh4+ 29. gxh4 g3+ 30. Kh3 1-0

[Event "Pobeskydi 2026"]
[Site "?"]
[Date "2026.04.03"]
[Round "4.14"]
[White "Hrckova, Anna"]
[Black "Bjolek, Jan"]
[Result "0-1"]
[WhiteElo "1778"]
[BlackElo "2026"]
[WhiteFideId "-1"]
[BlackFideId "-1"]
[PlyCount "136"]
[GameId "2295152088694692"]
[EventDate "2026.04.02"]

1. e4 e6 2. d4 d5 3. Nd2 a6 4. Bd3 c5 5. c3 Nc6 6. Ne2 dxe4 7. Nxe4 cxd4 8. cxd4 Nf6 9. N4c3 b5 10. O-O Nb4 11. Nf4 Nxd3 12. Qxd3 Bb7 13. Rd1 Bd6 14. d5 Bxf4 15. Bxf4 Nxd5 16. Qg3 O-O 17. Bd6 Re8 18. Ne4 f6 19. Bc5 Kh8 20. Rac1 Qd7 21. Bd4 e5 22. Bc5 Qe6 23. Nd6 Nf4 24. Rd2 Reb8 25. Nxb7 Rxb7 26. Qf3 Rbb8 27. Rcd1 h6 28. b3 Rc8 29. Be3 Qc6 30. Qg4 Qe4 31. Rd7 Qg6 32. Qf3 Ne6 33. h4 Nf8 34. R7d6 Nh7 35. h5 Qe8 36. Bb6 Ng5 37. Qg4 Rab8 38. Ba7 Rb7 39. Qxc8 Qxc8 40. Rd8+ Qxd8 41. Rxd8+ Kh7 42. Be3 f5 43. Rd5 f4 44. Bc5 Nf7 45. b4 g6 46. hxg6+ Kxg6 47. Bf8 Rc7 48. Bc5 Kf5 49. Kf1 Ke6 50. Rd2 Rd7 51. Rc2 Nd6 52. Bxd6 Kxd6 53. Ke2 Rc7 54. Rd2+ Ke6 55. Kf3 h5 56. g3 Rc3+ 57. Kg2 Kf5 58. f3 fxg3 59. Kxg3 h4+ 60. Kg2 Kf4 61. Rd6 h3+ 62. Kxh3 Rxf3+ 63. Kg2 Ra3 64. Rf6+ Ke4 65. Rf2 Kd4 66. Rc2 Kd3 67. Rb2 e4 68. Kf2 Rc3 0-1

[Event "Pobeskydi 2026"]
[Site "?"]
[Date "2026.04.03"]
[Round "4.15"]
[White "Gresek, Oskar"]
[Black "Dobsa, Emma"]
[Result "0-1"]
[WhiteElo "1995"]
[BlackElo "1921"]
[WhiteFideId "-1"]
[BlackFideId "-1"]
[PlyCount "106"]
[GameId "2294880900763416"]
[EventDate "2026.04.02"]

{[%evp 0,45,27,28,25,28,20,28,18,26,24,7,-6,14,11,11,29,31,23,44,36,27,21,23,7,21,26,3,-19,-36,-55,-85,-84,-77,-77,-64,-73,-66,-70,-70,-89,-98,-98,-119,-116,-121,-64,-80]} 1. e4 e5 2. Nf3 Nc6 3. d4 exd4 4. Nxd4 Nf6 5. Nc3 Nxe4 6. Nxe4 Qe7 7. f3 d5 8. Bb5 Bd7 9. O-O dxe4 10. Bxc6 bxc6 11. Re1 O-O-O 12. Rxe4 Qb4 13. c3 Qb6 14. Qb3 c5 15. Qxb6 cxb6 16. Nb3 Bf5 17. Re1 Bd6 18. Bg5 f6 19. Bh4 a5 20. Bf2 Bf4 21. Rad1 a4 22. Nc1 Bd2 23. Re2 Bh6 24. Ree1 Bc2 25. Rxd8+ Rxd8 26. b4 c4 27. Bd4 b5 28. g3 a3 29. Kf2 Bb1 30. Ne2 Bd3 31. Nc1 Bc2 32. f4 g5 33. Bxf6 Rf8 34. Be7 Rf7 35. Kf3 gxf4 36. g4 Bg7 37. Bc5 Bxc3 38. Re8+ Kd7 39. Rb8 Ba4 40. Ke4 Rf6 41. g5 Re6+ 42. Kf3 Bd1+ 43. Kf2 Be1+ 44. Kf1 Bd2 45. Rb7+ Kc8 46. Rxh7 Bxc1 47. h4 f3 48. Rg7 c3 49. h5 c2 50. g6 Bh6 51. Rg8+ Kd7 52. g7 Bxg7 53. Rxg7+ Kc6 0-1

[Event "Pobeskydi 2026"]
[Site "Frydek-Mistek, Czech Republic"]
[Date "2026.04.04"]
[Round "5.1"]
[White "Sigut, Ondrej"]
[Black "Gnojek, Petr"]
[Result "0-1"]
[TimeControl "90 min+30s/move"]
[WhiteTitle "-"]
[BlackTitle "-"]
[WhiteFideId "23712813"]
[BlackFideId "371807"]
[WhiteElo "2016"]
[BlackElo "2401"]

1. e4 {[%clk 01:30:58]} {[%emt 00:00:02]} d6 {[%clk 01:30:49]} {[%emt
00:00:11]} 2. d4 {[%clk 01:31:22]} {[%emt 00:00:07]} Nf6 {[%clk 01:31:13]}
{[%emt 00:00:07]} 3. Nc3 {[%clk 01:31:45]} {[%emt 00:00:05]} g6 {[%clk
01:31:37]} {[%emt 00:00:06]} 4. Nf3 {[%clk 01:30:21]} {[%emt 00:01:55]} Bg7
{[%clk 01:31:56]} {[%emt 00:00:11]} 5. Bd3 {[%clk 01:29:57]} {[%emt 00:00:54]}
Bg4 {[%clk 01:26:13]} {[%emt 00:06:13]} 6. h3 {[%clk 01:27:05]} {[%emt
00:03:22]} Bxf3 {[%clk 01:26:36]} {[%emt 00:00:07]} 7. Qxf3 {[%clk 01:27:29]}
{[%emt 00:00:06]} Nc6 {[%clk 01:26:55]} {[%emt 00:00:11]} 8. Ne2 {[%clk
01:22:57]} {[%emt 00:05:01]} Nb4 {[%clk 01:18:30]} {[%emt 00:08:55]} 9. c3
{[%clk 01:14:22]} {[%emt 00:09:05]} Nxd3+ {[%clk 01:18:07]} {[%emt 00:00:53]}
10. Qxd3 {[%clk 01:14:50]} {[%emt 00:00:02]} O-O {[%clk 01:17:01]} {[%emt
00:01:35]} 11. O-O {[%clk 01:12:18]} {[%emt 00:03:04]} e6 {[%clk 01:13:45]}
{[%emt 00:03:46]} 12. Be3 {[%clk 01:09:52]} {[%emt 00:02:55]} Qd7 {[%clk
01:12:24]} {[%emt 00:01:51]} 13. Rad1 {[%clk 01:05:39]} {[%emt 00:04:43]} Qc6
{[%clk 01:07:20]} {[%emt 00:05:34]} 14. Ng3 {[%clk 01:03:44]} {[%emt 00:02:25]}
h5 {[%clk 01:06:28]} {[%emt 00:01:22]} 15. f3 {[%clk 00:58:51]} {[%emt
00:05:24]} a5 {[%clk 01:06:12]} {[%emt 00:00:46]} 16. Kh2 {[%clk 00:56:03]}
{[%emt 00:03:17]} a4 {[%clk 01:04:04]} {[%emt 00:02:39]} 17. c4 {[%clk
00:51:20]} {[%emt 00:05:14]} Qa6 {[%clk 00:59:56]} {[%emt 00:04:38]} 18. Qc2
{[%clk 00:46:52]} {[%emt 00:04:58]} b5 {[%clk 00:52:40]} {[%emt 00:07:46]} 19.
Rc1 {[%clk 00:38:07]} {[%emt 00:09:15]} bxc4 {[%clk 00:50:30]} {[%emt
00:02:39]} 20. Qxc4 {[%clk 00:37:15]} {[%emt 00:01:23]} Qxc4 {[%clk 00:50:54]}
{[%emt 00:00:05]} 21. Rxc4 {[%clk 00:37:42]} {[%emt 00:00:03]} d5 {[%clk
00:50:57]} {[%emt 00:00:28]} 22. Rxc7 {[%clk 00:35:53]} {[%emt 00:02:19]} h4
{[%clk 00:51:21]} {[%emt 00:00:05]} 23. Ne2 {[%clk 00:35:46]} {[%emt 00:00:37]}
dxe4 {[%clk 00:51:43]} {[%emt 00:00:08]} 24. fxe4 {[%clk 00:33:58]} {[%emt
00:02:18]} Nxe4 {[%clk 00:52:06]} {[%emt 00:00:06]} 25. b3 {[%clk 00:26:56]}
{[%emt 00:07:34]} axb3 {[%clk 00:50:09]} {[%emt 00:02:27]} 26. axb3 {[%clk
00:27:21]} {[%emt 00:00:05]} Nd6 {[%clk 00:50:23]} {[%emt 00:00:15]} 27. Rc2
{[%clk 00:23:46]} {[%emt 00:04:05]} Nf5 {[%clk 00:50:23]} {[%emt 00:00:30]} 28.
Bf2 {[%clk 00:23:23]} {[%emt 00:00:54]} Rab8 {[%clk 00:47:27]} {[%emt
00:03:26]} 29. Rb1 {[%clk 00:21:02]} {[%emt 00:02:50]} Rb5 {[%clk 00:35:21]}
{[%emt 00:12:36]} 30. Rc4 {[%clk 00:15:39]} {[%emt 00:05:53]} Rfb8 {[%clk
00:35:34]} {[%emt 00:00:17]} 31. b4 {[%clk 00:15:32]} {[%emt 00:00:38]} Bf8
{[%clk 00:35:46]} {[%emt 00:00:19]} 32. Be1 {[%clk 00:14:07]} {[%emt 00:01:54]}
Ne3 {[%clk 00:35:57]} {[%emt 00:00:19]} 33. Rc3 {[%clk 00:13:52]} {[%emt
00:00:45]} Nd5 {[%clk 00:36:00]} {[%emt 00:00:28]} 34. Rcb3 {[%clk 00:13:55]}
{[%emt 00:00:27]} Bxb4 {[%clk 00:36:12]} {[%emt 00:00:18]} 35. Kg1 {[%clk
00:13:17]} {[%emt 00:01:06]} R5b6 {[%clk 00:31:27]} {[%emt 00:05:16]} 36. Bxh4
{[%clk 00:12:30]} {[%emt 00:01:18]} Bc5 {[%clk 00:31:45]} {[%emt 00:00:12]} 37.
Rxb6 {[%clk 00:12:47]} {[%emt 00:00:13]} Bxb6 {[%clk 00:32:10]} {[%emt
00:00:04]} 38. Bf2 {[%clk 00:11:52]} {[%emt 00:01:25]} Ra8 {[%clk 00:32:30]}
{[%emt 00:00:11]} 39. Kf1 {[%clk 00:10:45]} {[%emt 00:01:37]} Ra2 {[%clk
00:32:37]} {[%emt 00:00:22]} 40. g4 {[%clk 00:08:15]} {[%emt 00:03:00]} Rxe2
{[%clk 00:32:18]} {[%emt 00:00:49]} 0-1